| 000 | 00497nam a22001817a 4500 | ||
|---|---|---|---|
| 005 | 20260225104904.0 | ||
| 008 | 260225b |||||||| |||| 00| 0 eng d | ||
| 020 | _a978-93-325-1905-3 | ||
| 100 | _aMILLER, IRWIN | ||
| 245 | _aJOHN E. FREUND'S MATHEMATICAL STATISTICS WITH APPLICATIONS | ||
| 250 | _a8TH ED | ||
| 260 |
_aCHENNAI, INDIA _bPEARSON _c2013 |
||
| 300 | _a472P. | ||
| 500 | _aINCLUDES INDEX | ||
| 650 | _aMATHEMATICAL STATISTICS | ||
| 700 | _aMILLER, MARYLEES | ||
| 942 |
_2lcc _cBK |
||
| 999 |
_c216646 _d216646 |
||